Central Library and Information Centre
Sibsagar Girls' College, Sivasagar : Assam

MOPACHAR GALPA (Record no. 25433)

MARC details
000 -LEADER
fixed length control field 00378nam a22001577a 4500
005 - DATE AND TIME OF LATEST TRANSACTION
control field 20230625133835.0
008 - FIXED-LENGTH DATA ELEMENTS--GENERAL INFORMATION
fixed length control field 220506b ||||| |||| 00| 0 eng d
040 ## - CATALOGING SOURCE
Transcribing agency OCLC
082 ## - DEWEY DECIMAL CLASSIFICATION NUMBER
Edition number DDC
Classification number 891.453
Item number BOR
100 ## - MAIN ENTRY--PERSONAL NAME
Personal name BARUAH, P.K
245 ## - TITLE STATEMENT
Title MOPACHAR GALPA
Medium ASSAMESE
250 ## - EDITION STATEMENT
Edition statement REV
260 ## - PUBLICATION, DISTRIBUTION, ETC.
Place of publication, distribution, etc. TINSUKIA
Name of publisher, distributor, etc. MITRA AGENCY
Date of publication, distribution, etc. 1990
300 ## - PHYSICAL DESCRIPTION
Extent 119p;
Dimensions 20CM
942 ## - ADDED ENTRY ELEMENTS (KOHA)
Source of classification or shelving scheme Dewey Decimal Classification
Koha item type Books
Holdings
Withdrawn status Lost status Source of classification or shelving scheme Damaged status Not for loan Collection code Home library Current library Shelving location Date acquired Source of acquisition Cost, normal purchase price Full call number Barcode Date last seen Copy number Price effective from Koha item type Public note
    Dewey Decimal Classification     REFASM Central Library and Information Centre Sibsagar Girls College Central Library and Information Centre Sibsagar Girls College BBLMC 18.02.2022 BBMC 16.00 891.453 BOR 46110 06.05.2022 1 06.05.2022 Books Donated by Biren Borkotoky Family


Sibsagar Girl's College © 2020. All rights reserved.
Powered by Koha.
Maintained by Abhijit Borpuzari.